[Event "Kitale op"]
[Site "Kitale"]
[Date "2023.05.14"]
[Round "4"]
[White "Givans, Amunga"]
[Black "Clinton Odongo, Bill"]
[Result "1-0"]
[WhiteElo "1853"]
[BlackElo "1433"]
[PlyCount "67"]
[EventDate "2023.05.13"]
[EventType "swiss"]
[EventRounds "6"]
[EventCountry "KEN"]
[SourceTitle "EXT 2024"]
[Source "ChessBase"]
[SourceDate "2023.10.10"]
[SourceVersion "1"]
[SourceVersionDate "2023.10.10"]
[SourceQuality "1"]

1. d4 d5 2. c4 c6 3. Nf3 Nf6 4. e3 e6 5. Be2 Bd6 6. Nc3 0-0 7. 0-0 dxc4 8. Bxc4 Nd5 9. e4 Nb6 10. Bb3 Qc7 11. Be3 Rd8 12. Rc1 h6 13. Nb5 Qe7 14. Nxd6 Qxd6 15. Qc2 N8d7 16. Rfd1 Qe7 17. a4 Nf6 18. a5 Nbd7 19. a6 b6 20. Qxc6 Bxa6 21. e5 Nh7 22. Rc2 Rdc8 23. Qe4 Rxc2 24. Bxc2 f5 25. Qxa8+ Ndf8 26. d5 Be2 27. d6 Qd7 28. Re1 Qb5 29. Nd4 Qb4 30. Rxe2 f4 31. d7 fxe3 32. fxe3 Ng5 33. d8Q Qc5 34. Qc6 1-0